000 00783nam a2200241 i 4500
001 12720
003 ES-MaACL
005 20230906150359.0
007 t|
008 961031s1993 sp ||||0| spa j
040 _aM-BN
_bspa
_cM-BN
080 _a323.25-057.87(460.41)
245 0 3 _aEl movimiento estudiantil canario
_b: selección de textos y documentos (1966-1982) /
_cF. Antonio Déniz Ramírez.
250 _a1ª ed.
260 _aLa Laguna :
_bBenchomo,
_c1993.
300 _a182 p. :
_bil. ;
_c22 cm.
490 1 _aColección Tasufra ;
_v7
650 4 _aMovimientos estudiantiles-
_zCanarias.
_915222
700 1 _aDéniz Ramírez, F. Antonio.
_943715
830 0 _aColección Tasufra ;
_v7
_9179223
852 _aES-MaACL
_jL-20067
_bR.122468
999 _c12720
_d12720